| 000 | 00474nam a22001817a 4500 | ||
|---|---|---|---|
| 003 | NUST - PNEC | ||
| 005 | 20170116181129.0 | ||
| 008 | 151006b xxu||||| |||| 00| 0 eng d | ||
| 020 | _a0824789148 | ||
| 040 | _cLIBRARY | ||
| 082 | _a629.895 JAC | ||
| 100 |
_913872 _aJacquot, Raymond G, |
||
| 245 |
_aModern digital control systems _cRaymond G. Jacquot |
||
| 250 | _a2nd ed. | ||
| 260 | _cc.1995 | ||
| 650 |
_913874 _aDigital control systems _xMIS |
||
| 942 |
_2ddc _cBK |
||
| 999 |
_c69883 _d69883 |
||